000 00675nam a2200217 4500
003 LK-CoMWRAF
005 20231130150610.0
008 230905b2004 |||||||| |||| 00| 0 eng d
020 _a8178981297
040 _aLK-CoMWRAF
_dLK-CoMWRAF
_eLK-CoMWRAF
041 _aeng
082 _a297.56
_bKHA
100 _aK̲h̲ān̲, Waḥīduddīn Maulana
245 _aThe ideology of peace:
_btowards a culture of peace
260 _aNew Delhi:
_bGoodword Books,
_c2004
300 _a136 p. ; 22 cm
650 _aPEACE-Religious aspects
700 _aK̲h̲ānam, Farīdah
_etrans.
856 _uhttps://www.muslim-library.com/dl/books/English_Ideology_of_Peace.pdf
942 _cBK
999 _c3411
_d3411